000 00862nam a2200193 i 4500
001 74825
003 ES-MaACL
005 20250911063541.0
007 t|
008 040921s1934 sp |||| | spa d
100 1 _aGracián, Baltasar,
_d1601-1658
_959478
245 1 3 _aEl político D. Fernando el Católico
_b: seguido de las meditaciones varias para antes y después de la Sagrada Comunión y de las Salves del año /
_cpor Baltasar Gracián ; [prólogo de E. Ovejero y Maury].
260 _aMadrid :
_b[s.n.,
_c1934] (
_fGráficas Reunidas)
300 _aXXIV, 221 p. ;
_c22 cm.
505 8 _aContiene: Prólogo a la 1ª edición de "Agudeza y arte de ingenio : resumen de su vida y juicio de u obra", de Eduardo Ovejero y Maury
700 1 _aOvejero y Maury, Eduardo,
_d1871-1939?
_988002
852 _aES-MaACL
_jA-3392
999 _c74825
_d74825